00377 2200157 4500245004000000020002200040250001200062100001400074650001600088005001900104260004200123041001400165084000800179300002300187336000900210 aA Little White LiecTitish AKhText a978-979-22-9529-0 aCet. 14 aTitish AK aNovel Fiksi a20230113082257 aJakartabGramedia Pustaka Utamac2013 aIndonesia a813 a272 hlm. :c20 cm. atext